| 000 | 02800nam2a2200289 4500 | ||
|---|---|---|---|
| 001 | RU\NLR\BIBL_A\012584638 | ||
| 005 | 20210831144747.0 | ||
| 010 |
_a978-5-8353-2754-6 _91000 |
||
| 021 |
_aRU _bКН-П-21-026739 _9КН-П-21-2064 |
||
| 035 | _a(NLR Aleph) 012584638 | ||
| 090 |
_a12533048 _c12533048 |
||
| 100 | _a20210824d2021 k y0rusy50 ca | ||
| 101 | 0 |
_arus _aeng _achi _deng _erus _eeng |
|
| 102 | _aRU | ||
| 105 | _aa z 110zy | ||
| 200 | 1 |
_aКузбасский Университариум стратега _ecборник статей участников сессии |
|
| 210 | _d2021 | ||
| 215 |
_a204, [1] с. _cил., цв. ил., табл. |
||
| 300 | _aТекст рус., англ., кит. | ||
| 320 | _aБиблиогр. в конце ст. | ||
| 461 | 0 |
_1001RU\NLR\BIBL_A\012584634 _12001#$aТеория и практика стратегирования$eIV Международная научно-практическая конференция (25-26 февраля 2021 г.)$eсборник избранных научных статей и материалов конференции$fКемеровский государственный университет, Институт экономики и управления, Кафедра стратегии регионального и отраслевого развития [и др.]$gпод научной редакцией академика, Иностранного члена РАН, д.э.н., проф. В. Л. Квинта$vТ. 3 _912533035 _cКемерово [и др.] _d2021 _fКемеровский государственный университет, Институт экономики и управления, Кафедра стратегии регионального и отраслевого развития [и др.] _lStrategizing: theory and practice _nКемеровский государственный университет _oIV Международная научно-практическая конференция (25-26 февраля 2021 г.) : сборник избранных научных статей и материалов конференции _tТеория и практика стратегирования _vТ. 3 |
|
| 711 | 1 | 2 |
_a"Теория и практика стратегирования", международная научно-практическая конференция _bСессия "Кузбасский Университариум стратега" _d4 _eМосква и др. _eКемерово _f2021 _9764815 _3RU\NLR\AUTH\880549564 |
| 942 | _cBOOK | ||
| 980 | _aNB | ||